000 00301nam a2200133Ia 4500
005 20251222143205.0
008 251222s9999||||xx |||||||||||||| ||spa||
020 _a978-88-7573-427-5
082 _a458/L13
100 _aLacovoni, Gabriella
245 0 _aGramm.it:
264 _bBonacci
942 _cLIB
999 _c13236
_d13236